| 000 | 01264nam a22002177a 4500 | ||
|---|---|---|---|
| 008 | 210611b ||||| |||| 00| 0 eng d | ||
| 020 | _a9781683592327 | ||
| 100 | _aKeown, Mark J. | ||
| 245 |
_aDiscovering the New Testament : _ban introduction to its background, theology, and themes / _cMark J. Keown. |
||
| 260 |
_aBellingham, WA : _bLexham Press, _c2018 |
||
| 300 |
_a2 volumes : _b maps ; _c24 cm |
||
| 336 | _atext | ||
| 337 | _aunmediated | ||
| 338 | _avolume | ||
| 500 | _aVolume I. The Gospels and Acts -- | ||
| 504 | _aIncludes bibliographical references and indexes. | ||
| 520 | _aDiscovering the New Testament is a new and comprehensive introduction to the New Testament in three volumes, reflecting current research and scholarship in New Testament studies. Each volume provides a thorough discussion of background issues as well as treating theological themes and practical application. Ideal for college or seminary students, the volumes provide numerous maps and charts, as well as discussion questions for each chapter and a focus on real-life relevance and application. - from publisher | ||
| 650 |
_aBible. New Testament -- _xIntroductions. |
||
| 650 |
_aBible. New Testament -- _xCriticism, interpretation, etc. |
||
| 942 |
_2lcc _cBK |
||
| 999 |
_c49736 _d49736 |
||